| 000 | 00776nam a2200217 a 4500 | ||
|---|---|---|---|
| 003 | 0 | ||
| 005 | 20250313122457.0 | ||
| 008 | 080723s19uu xx 00 eng d | ||
| 050 |
_aPGS LB 1065.P37G83 _b.M478 2008 |
||
| 100 | _aMcNamara, Felicity Marie. | ||
| 245 |
_aA study on the attitude of students towards school work / _cFelicity Marie McNamara. |
||
| 260 |
_aLas PiƱas City, Philippines : _bSouthville International School and Colleges, _c2008. |
||
| 300 |
_a23 pages : _billustrations ; _c28 cm. |
||
| 504 | _aIncludes bibliographical references. | ||
| 650 |
_aStudents _vAttitudes . |
||
| 650 | _aMotivation in education. | ||
| 650 | _aParent and child. | ||
| 650 | _aHome and school. | ||
| 650 |
_aEducation _vParent participation. |
||
| 942 |
_2lcc _cPASS |
||
| 999 |
_c97906 _d97906 |
||